Statistics for Orkney Islands

Click here to take the quiz!

General Stats

  • This quiz has been taken 374 times
    (125 since last reset)
  • The average score is 22 of 47

Answer Stats

Answers% Correct
Papa {Westray}
86%
Westray
85%
Mainland
84%
Hoy
80%
North {Ronaldsay}
71%
South {Ronaldsay}
71%
Calf of {Eday}
57%
Eday
56%
Papa {Stronsay}
55%
Stronsay
55%
Rousay
54%
Calf of {Flotta}
53%
{Lamb} Holm
53%
Brough of {Birsay}
52%
Sanday
52%
Shapinsay
52%
Burray
51%
Flotta
51%
Fara
46%
{Glims} Holm
46%
Wyre
46%
Copinsay
45%
Egilsay
44%
South {Walls}
44%
Graemsay
43%
Auskerry
41%
Eynhallow
41%
Hunda
41%
{Linga} Holm
40%
Swona
40%
Cava
39%
Faray
39%
Gairsay
39%
Holm of {Faray}
39%
Holm of {Grimbister}
39%
Switha
39%
Holm of {Papa}
37%
{Inner} Holm
37%
{Muckle} Skerry
36%
Damsay
29%
{Muckle} {Green} Holm
28%
{Rysa} Little
25%
{Sweyn} Holm
24%
{Helliar} Holm
23%
Holm of {Huip}
20%
{Start} Point
20%
Holm of {Scockness}
16%

Score Distribution

Percentile by Number Answered

Percent of People with Each Score

Your Score History

You have not taken this quiz since the last reset